000 00350pam a2200157a 44500
008 230515b2002 xxu||||| |||| 00| 0 eng d
020 _a0
041 _aENGLISH
082 _a618.2 KER
100 _aKERRS MANRO
245 _aOPERATIVE OBSTETRICS
250 _aN.D.
260 _aDELHI
_bALL INDIA
_c2002
300 _a508
650 _aOBSTETRICS
999 _c480732
_d480732